Compendio de información estadística 1997
Saved in:
| Format: | Book |
|---|---|
| Language: | Spanish |
| Published: |
Santiago
Ministerio de Educación
1997
|
| Subjects: | |
| Tags: |
Add Tag
No Tags, Be the first to tag this record!
|
MARC
| LEADER | 00000nam a2200000 a 4500 | ||
|---|---|---|---|
| 001 | UCP2094 | ||
| 003 | CL-VaPUC | ||
| 008 | 990507e19970000CL |||||||||||||||||spa|d | ||
| 082 | 0 | 4 | |a 379.072 |b MIN |2 21 |
| 245 | 1 | 0 | |a Compendio de información estadística 1997 |
| 300 | |a 352 p | ||
| 942 | |c BK | ||
| 945 | |d 19990507 00:00:00 |a rbrito | ||
| 260 | |a Santiago |b Ministerio de Educación |c 1997 | ||
| 650 | 0 | |a Educación básica |9 224933 | |
| 650 | 0 | |a Calidad de la educación |9 307271 | |
| 650 | 0 | |a Estadísticas |9 258644 | |
| 650 | 0 | |a Recursos humanos |9 228420 | |
| 650 | 0 | |a Analfabetismo |9 324360 | |
| 651 | 7 | |a CHILE |2 CL-VaPUC |9 428558 | |
| 583 | |a last modification |c 19990507 00:00:00 |k Rodrigo Vera | ||
| 999 | |c 280690 |d 280688 | ||
| 952 | |0 0 |1 0 |4 0 |6 379_072000000000000_MIN_1997 |7 0 |8 A |9 321154 |a BIBGIM |b BIBGIM |d 2019-11-20 |i 3520064 |o 379.072 MIN 1997 |p 3520064 |r 2025-01-15 |w 2019-11-20 |y BK |k EST | ||